Villancicos de la Colonia /

I tiakina i:
Ngā taipitopito rārangi puna kōrero
Kaituhi rangatōpū: Coro de la Catedral de México (voz)
Ētahi atu kaituhi: López Nava, Guillermo (dirección) (dirección), Suárez, José (ejecución musical) (ejecución musical), Fernandes, Gaspar (música) (música), Bruna, Pablo (música) (música), Gutiérrez de Padilla, Juan (música) (música), Vidales, Francisco de (música) (música), Loaysa y Agurto, Joseph de (música) (música), Salazar, Antonio de (música) (música), García, Juan (música) (música), Ximeno Pérez, Fabián (música) (música), Tello, Aurelio (texto del folleto y traducción) (texto del folleto y traducción)
Hōputu: Ororongo
Reo:Pāniora
I whakaputaina: México : Spartacus Discos, 1993, c1993
Rangatū:(Clásicos Mexicanos Spartacus)
Ngā marau:
Ngā Tūtohu: Tāpirihia he Tūtohu
Kāore He Tūtohu, Me noho koe te mea tuatahi ki te tūtohu i tēnei pūkete!

MARC

LEADER 00000njm^a2200000^a^4500
001 000186865
005 20251020000000.0
009 20260310102240.377
037 |a Acervo ITESO - Biblioteca 
041 |a SON 
041 |a ESP 
082 |a 784. 04  |b COR 
110 |a Coro de la Catedral de México  |e (voz) 
240 1 1 |a [Duerme niño, descanza] 
240 1 1 |a [Pues el mismo Dios procura] 
240 1 1 |a [Zagalejo de perlas] 
240 1 1 |a [Dónde vas zagala hermosa] 
240 1 1 |a [Tiento de falsas] 
240 1 5 |a [Las estreyas se ríen] 
240 1 1 |a [Los que fueren de buen gusto] 
240 1 1 |a [Vaya, vaya de cantos de amores] 
240 1 1 |a [Tarará qui yo soy Antón] 
240 1 1 |a [Hermoso amor que forxas tus flechas] 
240 1 4 |a [Un ciego que contravajo canta] 
240 1 1 |a [Digan, digan, quién vio tal] 
240 1 1 |a [Ay, ay, galeguiños] 
245 1 0 |a Villancicos de la Colonia /  |c Voz del Coro de la Catedral de México ; dir. de G. López Nava ; órgano J. Suárez ; texto del folleto y tr. por A. Tello. 
264 4 |a México :  |b Spartacus Discos,  |c 1993, c1993 
300 |a 1 disco compacto sonoro (50 min.) +  |e 1 folleto (12 p.) 
336 |a música interpretada  |b prm  |2 rdacontenido 
337 |a audio  |b s  |2 rdamedio 
338 |a disco sonoro  |b sd  |2 rdasoporte 
440 1 |a (Clásicos Mexicanos Spartacus) 
649 |a XX 
650 |a Músicos Mexicanos 
650 |a Artistas Mexicanos 
650 |a Villancico -  |z México 
650 |a Música de Adviento -  |z México 
650 |a Música Sacra -  |z México 
650 |a Música Polifónica -  |z México 
650 |a Música Vocal -  |z México 
650 |a Música Virreinal -  |z México 
650 |a Música Barroca -  |z México 
650 |a Música de Concierto -  |z México 
650 |a Música Mexicana 
650 |a Fernandes, Gaspar 
650 |a Bruna, Pablo 
650 |a Gutiérrez de Padilla, Juan 
650 |a Vidales, Francisco de 
650 |a Loaysa y Agurto, Joseph de 
650 |a Salazar, Antonio de 
650 |a García, Juan 
650 |a Ximeno Pérez, Fabián 
700 |a López Nava, Guillermo  |e (dirección) 
700 |a Suárez, José  |e (ejecución musical) 
700 |a Fernandes, Gaspar  |e (música) 
700 |a Bruna, Pablo  |e (música) 
700 |a Gutiérrez de Padilla, Juan  |e (música) 
700 |a Vidales, Francisco de  |e (música) 
700 |a Loaysa y Agurto, Joseph de  |e (música) 
700 |a Salazar, Antonio de  |e (música) 
700 |a García, Juan  |e (música) 
700 |a Ximeno Pérez, Fabián  |e (música) 
700 |a Tello, Aurelio  |e (texto del folleto y traducción) 
910 |a Fondo General 
920 |a Sonoros - CDs 
940 |a CDs de Música 
905 |a 401 
901 |a 0500128758  |b IT2  |c CDM  |u 20250521 
901 |a 0500128735  |b IT2  |c MIM  |u 20251020 
902 |a https://opac.biblio.iteso.mx/vufind/Record/000186865